BIBLIOTHÈQUE DE LA MAISON DU MEXIQUE

Logo 1 Logo 2

Industria y estrategia económica en México (notice nᵒ 4508)

détails MARC
000 -Sello discográfico
campo de control de longitud fija 01240nam a2200325 4500
005 - Identificación de versión
campo de control 20251016083824.0
010 ## - Número Estándar Internacional de Libros (ISBN)
Número (ISBN) 968-895-856-5
035 ## - Otros números de control del sistema
Número de control del sistema 26732
099 ## - fechas locales
Tipo de ítem Koha LIBRO
100 ## - Datos de procesamiento general
Datos de procesamiento general 19991011d1999 m y1spay5003 ba
105 ## - Campo de datos codificados: Material textual, monográfico
Datos codificados de monografía a 001zy
200 1# - Título y mención de responsabilidad
Título propio Industria y estrategia económica en México
Designación general del material texto impreso
Otra información del título 1877-1992 : El caso de Jalisco
Primer mención de responsabilidad Carlos Riojas López
205 ## - Declaración de edición
Declaración de edición 1a ed
210 ## - Publicación, distribución, etc.
Lugar de publicación, distribución, etc. México
Nombre del editor, distribuidor, etc. Universidad de Guadalajara, Centro Universitario de Ciencias Económico Administrativas
Fecha de publicación, distribución, etc. 1999
215 ## - Descripción física
Designación de material específico y extensión del ítem 133 p
Otras características físicas gráficas, cuadros
Dimensiones 22 cm
345 ## - Nota de información de adquisición
Fuente de adquisición/dirección de la suscripción [OBSOLETO] Donación Carlos Riojas López
606 ## - Término temático usado como materia
Elemento de entrada Exportaciones
Subdivisión geográfica Jalisco (México)
Subdivisión temática Historia
Número Koha 8643
606 ## - Término temático usado como materia
Elemento de entrada Política industrial
Subdivisión geográfica Jalisco (México)
Subdivisión temática Historia
Número Koha 8644
606 ## - Término temático usado como materia
Elemento de entrada Substitución de importaciones
Subdivisión geográfica Jalisco (México)
Subdivisión temática Historia
Número Koha 8645
607 ## - Nombre geográfico utilizado como tema
Elemento de entrada Jalisco (México)
Subdivisión temática Comercio
-- Historia
Número Koha 8646
660 ## - Código de área geográfica
Código MX
700 ## - Nombre personal - Responsabilidad primaria
Elemento de entrada Riojas López
Parte del nombre distinta del elemento de entrada Carlos
Fechas 1968-
Número Koha 8647
801 #0 - Fuente de origen
Agencia cm
900 ## -
-- 1/19287
900 ## -
-- 7109911198\111099
942 ## - ELEMENTOS DE ENTRADA SECUNDARIOS (KOHA)
Tipo de ítem Koha Livre
996 ## -
-- MEX
-- 751145101
-- MMAG
-- 006205
-- 382.09 R585IN
-- 20220302LIV
Exemplaires
Estatus retirado Estado de daño Estado de pérdida Fecha de adquisición Biblioteca de origen Biblioteca actual Ubicación en estantería Código de barras Precio de reemplazo Signatura topográfica completa No para préstamo Tipo de ítem Koha Nota pública Nota no pública
      05/08/2025 Casa México Paris Casa México Paris   006205 05/08/2025 382.09 R585IN   Livre 20220302LIV 751145101